D2d How 20 Established Companies (Record no. 301833)

MARC details
000 -LEADER
fixed length control field 00402nam a2200157Ia 4500
008 - FIXED-LENGTH DATA ELEMENTS--GENERAL INFORMATION
fixed length control field 230718s9999 xx 000 0 und d
041 ## - LANGUAGE CODE
Language code of text/sound track or separate title eng
082 ## - DEWEY DECIMAL CLASSIFICATION NUMBER
Classification number 303
Item number STA
100 ## - MAIN ENTRY--PERSONAL NAME
Personal name Stauffer D.
9 (RLIN) 187188
245 ## - TITLE STATEMENT
Title D2d How 20 Established Companies
260 ## - PUBLICATION, DISTRIBUTION, ETC. (IMPRINT)
Date of publication, distribution, etc. 2001
Name of publisher, distributor, etc. Capstone
300 ## - PHYSICAL DESCRIPTION
Extent 232
365 ## - TRADE PRICE
Currency code Rs.
Price amount 1037.00
700 ## - ADDED ENTRY--PERSONAL NAME
Personal name Stauffer D.
9 (RLIN) 187188
906 ## - LOCAL DATA ELEMENT F, LDF (RLIN)
d B:64801-Jun-2001
c OTH
b 155.55
Holdings
Withdrawn status Lost status Damaged status Not for loan Home library Current library Date acquired Vendor Budget Code Cost, normal purchase price Bill number Total Checkouts Full call number Barcode Date last seen Discount Cost, replacement price Bill Date Koha item type Original Barcode
        Cummins College of Engineering for Women Pune Cummins College of Engineering for Women Pune 25/07/2001 Technical Book Services OTH 881.45 648   303 CCEP-BK-13039 18/07/2023 155.55 1037.00 01/06/2001 Books 013039